GATE solved problems in Food Process Engineering (1990-2017) (Record no. 15409)
[ view plain ]
| 000 -LEADER | |
|---|---|
| fixed length control field | 00318nam a22001217a 4500 |
| 020 ## - INTERNATIONAL STANDARD BOOK NUMBER | |
| ISBN | 9788183602488 |
| 082 ## - DEWEY DECIMAL CLASSIFICATION NUMBER | |
| Classification number | 664. |
| Item number | ANS/GA |
| 100 ## - MAIN ENTRY--AUTHOR NAME | |
| Personal name | Ansari,Irfan Ahmad |
| 245 ## - TITLE STATEMENT | |
| Title | GATE solved problems in Food Process Engineering (1990-2017) |
| 260 ## - PUBLICATION, DISTRIBUTION, ETC. (IMPRINT) | |
| Place of publication | New Delhi |
| Name of publisher | Jain Brothers |
| Year of publication | 2018 |
| 300 ## - PHYSICAL DESCRIPTION | |
| Number of Pages | 730p |
| 942 ## - ADDED ENTRY ELEMENTS (KOHA) | |
| Koha item type | Books |
| Withdrawn status | Lost status | Damaged status | Collection code | Home library | Current library | Shelving location | Date acquired | Source of acquisition | Cost, normal purchase price | Full call number | Accession Number | Koha item type |
|---|---|---|---|---|---|---|---|---|---|---|---|---|
| KAUAET | KAUAET | General Stacks | 31/03/2018 | Vigyan Books | 495.00 | 664. ANS/GA | 25672 | Books | ||||
| KAUAET | KAUAET | General Stacks | 31/03/2018 | Vigyan Books | 495.00 | 664. ANS/GA | 25673 | Books |
